000 00248nam a2200109Ia 4500
008 190216s9999||||xx |||||||||||||| ||und||
100 _aPilla K K
245 0 _aDakshinenthia Charithram
260 _bCurrent Books
650 _aHistory
942 _cBK
999 _c18912
_d18912